| 000 | 00566nam a2200181Ia 4500 | ||
|---|---|---|---|
| 001 | 6034 | ||
| 003 | GE_BSU | ||
| 008 | 181216s||||||||xx |||||||||||||| ||und|| | ||
| 040 | _cGE_BSU | ||
| 080 | _a821.353.1-1 | ||
| 245 | _aთოვლის სინათლე: [ლექსები] / ნოდარ ადეიშვილი | ||
| 245 | _cრედ. ა. დავითიანი | ||
| 260 | _aთბილისი | ||
| 260 | _bსაბჭოთა საქართველო | ||
| 260 | _c1976 | ||
| 300 | _a78გვ. 17სმ. | ||
| 942 | _cBK | ||
| 999 |
_c39443 _d39443 |
||